Dulces elaborados con azúcar y chocolate

Na minha lista:
Detalhes bibliográficos
Autor principal: Cakebread, Sidney (Author)
Formato: Livro
Idioma:espanhol
Publicado em: Zaragoza Acribia 1981
Assuntos:
Tags: Adicionar Tag
Sem tags, seja o primeiro a adicionar uma tag!

MARC

LEADER 00000nam a2200000 a 4500
001 UCS9478
003 CL-VaPUC
008 971121e19810000SP |||||||||||||||||spa|d
082 0 4 |a 664.15  |b CAK  |2 21 
100 0 |a Cakebread, Sidney  |e author  |9 394545 
245 1 0 |a Dulces elaborados con azúcar y chocolate 
300 |a 85 P 
942 |c BK 
945 |d 19971121 00:00:00  |a jquezada 
260 |a Zaragoza  |b Acribia  |c 1981 
650 7 |a CONFITERIA  |2 CL-VaPUC  |9 259764 
650 7 |a ELABORACION DE DULCES  |2 CL-VaPUC  |9 394546 
583 |a last modification  |c 20170406 03:32:12  |k Rodrigo Vera 
999 |c 263277  |d 263275